INTRODUCTION TO COMPUTER THEORY (Record no. 18822)
[ view plain ]
| 000 -LEADER | |
|---|---|
| fixed length control field | 00228nam a2200097Ia 4500 |
| 008 - FIXED-LENGTH DATA ELEMENTS--GENERAL INFORMATION | |
| fixed length control field | 170619s9999 xx 000 0 und d |
| 100 ## - MAIN ENTRY--PERSONAL NAME | |
| Personal name | Cohen- Daniel I A |
| 245 #0 - TITLE STATEMENT | |
| Title | INTRODUCTION TO COMPUTER THEORY |
| 260 ## - PUBLICATION, DISTRIBUTION, ETC. | |
| Name of publisher, distributor, etc. | WILEY |
| 260 ## - PUBLICATION, DISTRIBUTION, ETC. | |
| Date of publication, distribution, etc. | 2008 |
| 546 ## - LANGUAGE NOTE | |
| Language note | ENGLISH |
No items available.

